| 000 | 00639nmc a2200253 a 4500 | ||
|---|---|---|---|
| 003 | AR-BaBNM | ||
| 005 | 20251128211613.0 | ||
| 008 | 274120s1999 ||||||||||||||000 | spa|| | ||
| 020 | _a950-04-1999-8 | ||
| 040 | _cAR-BaBNM | ||
| 100 | 1 | _aStine, R. L. | |
| 245 | 1 | 0 |
_aEscóndete y grita _nv. 2 |
| 250 | _a1ª ed. | ||
| 260 |
_aBuenos Aires _bEmecé _c1999 |
||
| 300 | _a125 p. | ||
| 490 | 0 |
_aFantasmas de Fear Street _vv. 28 |
|
| 650 | 4 | _aCUENTOS DE AVENTURAS | |
| 650 | 4 | _aCUENTOS DE TERROR | |
| 650 | 4 | _aLITERATURA CONTEMPORANEA | |
| 653 | _aLITERATURA JUVENIL | ||
| 655 | _aLITERATURA | ||
| 942 | _cBK | ||
| 998 | _cEugenia | ||
| 999 |
_c20389 _d20389 |
||